000
00317nam a2200121Ia 4500
008
150202s9999 xx 000 0 und d
050
_a
FIC
_b
FIC
100
_a
Bailey, Lee F.
245
_a
Secrets /
_c
Lee F. Bailey.
260
_a
USA :
_b
Bantam Books,
_c
1979.
300
_a
293 pages :
_c
18 cm.
650
_a
Fiction.
999
_c
281857
_d
281857